[Event "23rd ETCC Women 2021"]
[Site "Catez"]
[Date "2021.11.14"]
[Round "3.2"]
[White "Heinemann, Josefine"]
[Black "Lagno, Kateryna"]
[Result "1/2-1/2"]
[WhiteElo "2336"]
[BlackElo "2550"]
[Annotator "ChessBase"]
[PlyCount "116"]
[EventDate "2021.11.08"]
[EventType "team-tourn"]
[EventCountry "SLO"]
[SourceTitle "playchess.com"]
[Source "ChessBase"]
[SourceQuality "1"]
[WhiteTeam "Germany"]
[BlackTeam "Russia"]
[WhiteTeamCountry "GER"]
[BlackTeamCountry "RUS"]
[TimeControl "40/5400+30:1800+30"]

1. e4 {[%emt 0:00:03]} e5 {[%emt 0:00:07]} 2. Nf3 {[%emt 0:00:05]} Nc6 {
[%emt 0:00:06]} 3. Bb5 {[%emt 0:00:06]} a6 {[%emt 0:00:11]} 4. Ba4 {[%emt 0:00:
06]} Nf6 {[%emt 0:00:08]} 5. O-O {[%emt 0:00:14]} Be7 {[%emt 0:00:11]} 6. Re1 {
[%emt 0:00:20]} b5 {[%emt 0:00:11]} 7. Bb3 {[%emt 0:00:04]} d6 {[%emt 0:00:09]}
8. c3 {[%emt 0:00:20]} O-O {[%emt 0:00:10]} 9. h3 {[%emt 0:00:08]} Nb8 {
[%emt 0:00:30]} 10. d4 {[%emt 0:00:16]} Nbd7 {[%emt 0:00:05]} 11. Nbd2 {
[%emt 0:00:24]} Bb7 {[%emt 0:00:17]} 12. Bc2 {[%emt 0:00:08]} Re8 {[%emt 0:00:
14]} 13. Nf1 {[%emt 0:01:12]} Bf8 {[%emt 0:00:14]} 14. Bg5 {[%emt 0:03:30]} h6
{[%emt 0:00:31]} 15. Bh4 {[%emt 0:00:16]} g6 {[%emt 0:00:30]} 16. N3d2 {
[%emt 0:03:42]} Be7 {[%emt 0:13:10]} 17. dxe5 {[%emt 0:03:29]} dxe5 {[%emt 0:
00:22]} 18. a4 {[%emt 0:00:52]} Nh5 {[%emt 0:06:16]} 19. Bxe7 {[%emt 0:02:48]}
Qxe7 {[%emt 0:00:09]} 20. g3 {[%emt 0:12:31]} Nc5 {[%emt 0:12:07]} 21. axb5 {
[%emt 0:09:37]} axb5 {[%emt 0:00:06]} 22. Qe2 {[%emt 0:00:21]} Bc6 {[%emt 0:12:
00]} 23. b4 {[%emt 0:12:47]} Nb7 {[%emt 0:07:49]} 24. Bd3 {[%emt 0:05:45]} Nd6
{[%emt 0:01:17]} 25. Ne3 {[%emt 0:04:36]} Nf6 {[%emt 0:00:41]} 26. Ng4 {
[%emt 0:01:01]} h5 {[%emt 0:05:47]} 27. Nxf6+ {[%emt 0:02:54]} Qxf6 {[%emt 0:
00:16]} 28. h4 {[%emt 0:00:04]} Red8 {[%emt 0:05:55]} 29. Nb3 {[%emt 0:04:34]}
Bd7 {[%emt 0:01:37]} 30. Nc5 {[%emt 0:05:19]} Bg4 {[%emt 0:00:14]} 31. Qf1 {
[%emt 0:02:44]} c6 {[%emt 0:18:13]} 32. Be2 {[%emt 0:02:42]} Bxe2 {[%emt 0:06:
55]} 33. Qxe2 {[%emt 0:00:04]} Rxa1 {[%emt 0:00:13]} 34. Rxa1 {[%emt 0:00:04]}
Nc4 {[%emt 0:00:07]} 35. Rd1 {[%emt 0:01:58]} Kg7 {[%emt 0:01:11]} 36. Kg2 {
[%emt 0:02:58]} Rd6 {[%emt 0:01:01]} 37. Rd3 {[%emt 0:03:55]} Qe7 {[%emt 0:00:
13]} 38. Rxd6 {[%emt 0:02:10]} Qxd6 {[%emt 0:00:06]} 39. Qd3 {[%emt 0:00:08]}
Qxd3 {[%emt 0:00:43]} 40. Nxd3 {[%emt 0:00:04]} Kf6 {[%emt 0:00:27]} 41. Nc1 {
[%emt 0:36:56]} Nd2 {[%emt 0:31:26]} 42. f3 {[%emt 0:01:06]} Ke6 {[%emt 0:03:
30]} 43. Kf2 {[%emt 0:01:25]} Nb1 {[%emt 0:00:00]} 44. Na2 {[%emt 0:00:00]} f5
{[%emt 0:00:00]} 45. Ke3 {[%emt 0:00:00]} Kf6 {[%emt 0:00:00]} 46. f4 {[%emt 0:
00:00]} Ke6 {[%emt 0:00:00]} 47. exf5+ {[%emt 0:00:00]} Kxf5 {[%emt 0:00:00]}
48. fxe5 {[%emt 0:00:00]} Kxe5 {[%emt 0:00:00]} 49. Kd3 {[%emt 0:00:00]} Kf5 {
[%emt 0:00:00]} 50. Nc1 {[%emt 0:00:00]} Kg4 {[%emt 0:00:00]} 51. Ne2 {[%emt 0:
00:00]} Kf3 {[%emt 0:00:00]} 52. Nf4 {[%emt 0:00:00]} Kxg3 {[%emt 0:00:00]} 53.
Nxg6 {[%emt 0:00:00]} Kg4 {[%emt 0:02:21]} 54. Kd4 {[%emt 0:00:00]} Nd2 {
[%emt 0:01:33]} 55. Kc5 {[%emt 0:00:00]} Ne4+ {[%emt 0:00:31]} 56. Kd4 {
[%emt 0:00:00]} Nd2 {[%emt 0:00:55]} 57. Kc5 {[%emt 0:00:00]} Ne4+ {[%emt 0:00:
16]} 58. Kd4 {[%emt 0:00:00]} Nd2 {[%emt 0:00:03]} 1/2-1/2

[Event "23rd ETCC Women 2021"]
[Site "Catez"]
[Date "2021.11.14"]
[Round "3.3"]
[White "Shuvalova, Polina"]
[Black "Klek, Hanna Marie"]
[Result "1-0"]
[WhiteElo "2515"]
[BlackElo "2343"]
[Annotator "ChessBase"]
[PlyCount "81"]
[EventDate "2021.11.08"]
[EventType "team-tourn"]
[EventCountry "SLO"]
[SourceTitle "playchess.com"]
[Source "ChessBase"]
[SourceQuality "1"]
[WhiteTeam "Russia"]
[BlackTeam "Germany"]
[WhiteTeamCountry "RUS"]
[BlackTeamCountry "GER"]
[TimeControl "40/5400+30:1800+30"]

1. e4 {[%emt 0:00:03]} e5 {[%emt 0:00:06]} 2. Nf3 {[%emt 0:00:04]} Nc6 {
[%emt 0:00:04]} 3. Bb5 {[%emt 0:00:05]} a6 {[%emt 0:00:05]} 4. Ba4 {[%emt 0:00:
04]} Nf6 {[%emt 0:00:06]} 5. O-O {[%emt 0:00:05]} Be7 {[%emt 0:00:06]} 6. d3 {
[%emt 0:00:14]} b5 {[%emt 0:00:28]} 7. Bb3 {[%emt 0:00:05]} d6 {[%emt 0:00:06]}
8. a4 {[%emt 0:00:21]} Bd7 {[%emt 0:01:12]} 9. c3 {[%emt 0:00:16]} O-O {
[%emt 0:01:41]} 10. Bc2 {[%emt 0:01:44]} b4 {[%emt 0:06:12]} 11. a5 {[%emt 0:
00:45]} d5 {[%emt 0:07:05]} 12. Qe2 {[%emt 0:06:47]} Bg4 {[%emt 0:06:54]} 13.
Nbd2 {[%emt 0:12:42]} bxc3 {[%emt 0:08:31]} 14. bxc3 {[%emt 0:00:06]} d4 {
[%emt 0:02:42]} 15. Ba4 {[%emt 0:00:18]} Nxa5 {[%emt 0:13:42]} 16. h3 {[%emt 0:
00:26]} Be6 {[%emt 0:05:48]} 17. Nxe5 {[%emt 0:03:02]} dxc3 {[%emt 0:01:58]}
18. Ndf3 {[%emt 0:00:11]} c5 {[%emt 0:09:44]} 19. Qc2 {[%emt 0:02:31]} c4 {
[%emt 0:04:40]} 20. dxc4 {[%emt 0:06:27]} Qc7 {[%emt 0:06:54]} 21. Bf4 {
[%emt 0:07:03]} Bd6 {[%emt 0:01:12]} 22. c5 {[%emt 0:05:11]} Bxe5 {[%emt 0:03:
55]} 23. Bxe5 {[%emt 0:02:28]} Qxc5 {[%emt 0:00:05]} 24. Bd4 {[%emt 0:01:11]}
Qc7 {[%emt 0:09:39]} 25. Qxc3 {[%emt 0:00:47]} Qxc3 {[%emt 0:00:17]} 26. Bxc3 {
[%emt 0:00:03]} Nb3 {[%emt 0:00:35]} 27. Bxb3 {[%emt 0:09:50]} Bxb3 {[%emt 0:
00:11]} 28. Nd2 {[%emt 0:05:16]} Bc2 {[%emt 0:01:16]} 29. Rfc1 {[%emt 0:01:59]}
Bd3 {[%emt 0:00:10]} 30. f3 {[%emt 0:00:12]} Nd7 {[%emt 0:03:38]} 31. Nb3 {
[%emt 0:02:10]} Rfc8 {[%emt 0:02:11]} 32. Nd4 {[%emt 0:01:36]} g6 {[%emt 0:00:
56]} 33. Kf2 {[%emt 0:00:37]} Rab8 {[%emt 0:02:02]} 34. Ke3 {[%emt 0:00:33]}
Bc4 {[%emt 0:00:11]} 35. Be1 {[%emt 0:03:01]} f6 {[%emt 0:01:09]} 36. Rc2 {
[%emt 0:03:47]} Bf1 {[%emt 0:01:45]} 37. Nc6 {[%emt 0:05:06]} Rxc6 {[%emt 0:00:
36]} 38. Rxc6 {[%emt 0:00:03]} Bxg2 {[%emt 0:00:26]} 39. Bc3 {[%emt 0:00:24]}
Ne5 {[%emt 0:01:01]} 40. Rxf6 {[%emt 0:03:46]} Nc4+ {[%emt 0:00:38]} 41. Kd4 {
[%emt 0:33:45]} 1-0

[Event "23rd ETCC Women 2021"]
[Site "Catez"]
[Date "2021.11.14"]
[Round "3.4"]
[White "Schneider, Jana"]
[Black "Kashlinskaya, Alina"]
[Result "0-1"]
[WhiteElo "2269"]
[BlackElo "2482"]
[Annotator "ChessBase"]
[PlyCount "116"]
[EventDate "2021.11.08"]
[EventType "team-tourn"]
[EventCountry "SLO"]
[SourceTitle "playchess.com"]
[Source "ChessBase"]
[SourceQuality "1"]
[WhiteTeam "Germany"]
[BlackTeam "Russia"]
[WhiteTeamCountry "GER"]
[BlackTeamCountry "RUS"]
[TimeControl "40/5400+30:1800+30"]

1. e4 {[%emt 0:00:03]} e6 {[%emt 0:00:08]} 2. d4 {[%emt 0:00:08]} d5 {[%emt 0:
00:04]} 3. Nd2 {[%emt 0:00:06]} c5 {[%emt 0:00:16]} 4. exd5 {[%emt 0:00:07]}
Qxd5 {[%emt 0:00:07]} 5. Ngf3 {[%emt 0:00:15]} cxd4 {[%emt 0:00:17]} 6. Bc4 {
[%emt 0:00:12]} Qd6 {[%emt 0:00:06]} 7. O-O {[%emt 0:00:18]} Nf6 {[%emt 0:00:
11]} 8. Nb3 {[%emt 0:00:17]} Nc6 {[%emt 0:00:12]} 9. Nbxd4 {[%emt 0:00:11]}
Nxd4 {[%emt 0:00:16]} 10. Nxd4 {[%emt 0:00:09]} Be7 {[%emt 0:00:22]} 11. c3 {
[%emt 0:20:49]} O-O {[%emt 0:00:23]} 12. Qf3 {[%emt 0:04:31]} Qc7 {[%emt 0:01:
00]} 13. Bb3 {[%emt 0:01:02]} a5 {[%emt 0:00:48]} 14. a4 {[%emt 0:04:52]} Bd7 {
[%emt 0:00:33]} 15. Be3 {[%emt 0:02:28]} Rfd8 {[%emt 0:32:12]} 16. Rfd1 {
[%emt 0:01:41]} Be8 {[%emt 0:02:21]} 17. Bc2 {[%emt 0:09:20]} Nd5 {[%emt 0:16:
30]} 18. Qe4 {[%emt 0:07:39]} g6 {[%emt 0:06:10]} 19. Bh6 {[%emt 0:01:00]} Bf6
{[%emt 0:00:15]} 20. Bd3 {[%emt 0:09:40]} Qe7 {[%emt 0:04:02]} 21. Bb5 {
[%emt 0:05:41]} Bxb5 {[%emt 0:04:43]} 22. Nxb5 {[%emt 0:00:43]} Rac8 {[%emt 0:
03:19]} 23. Be3 {[%emt 0:04:01]} Bg7 {[%emt 0:02:13]} 24. Bd4 {[%emt 0:03:19]}
e5 {[%emt 0:08:42]} 25. Re1 {[%emt 0:02:08]} exd4 {[%emt 0:02:51]} 26. Qxe7 {
[%emt 0:00:11]} Nxe7 {[%emt 0:00:02]} 27. Rxe7 {[%emt 0:00:09]} dxc3 {[%emt 0:
02:32]} 28. bxc3 {[%emt 0:00:21]} b6 {[%emt 0:04:20]} 29. Rb7 {[%emt 0:01:21]}
Rc6 {[%emt 0:04:16]} 30. h3 {[%emt 0:02:21]} Bf8 {[%emt 0:00:13]} 31. Ra2 {
[%emt 0:09:34]} Bc5 {[%emt 0:00:18]} 32. Rb2 {[%emt 0:00:06]} Rd1+ {[%emt 0:02:
28]} 33. Kh2 {[%emt 0:00:05]} Ra1 {[%emt 0:00:22]} 34. Na7 {[%emt 0:02:09]} Rf6
{[%emt 0:01:14]} 35. Nc8 {[%emt 0:00:25]} Rxf2 {[%emt 0:01:31]} 36. Rxf2 {
[%emt 0:01:00]} Bxf2 {[%emt 0:00:01]} 37. Nxb6 {[%emt 0:00:45]} h5 {[%emt 0:01:
01]} 38. g3 {[%emt 0:03:01]} Bxb6 {[%emt 0:02:32]} 39. Rxb6 {[%emt 0:00:08]}
Rxa4 {[%emt 0:00:02]} 40. Kg2 {[%emt 0:01:10]} Rc4 {[%emt 0:00:23]} 41. Ra6 {
[%emt 0:11:28]} a4 {[%emt 0:00:23]} 42. Ra7 {[%emt 0:00:59]} Kg7 {[%emt 0:03:
42]} 43. Ra6 {[%emt 0:00:10]} g5 {[%emt 0:03:32]} 44. Kf2 {[%emt 0:00:54]} f6 {
[%emt 0:00:14]} 45. Ra7+ {[%emt 0:00:23]} Kg6 {[%emt 0:00:06]} 46. Ra5 {
[%emt 0:00:05]} h4 {[%emt 0:02:26]} 47. gxh4 {[%emt 0:00:29]} Rxh4 {[%emt 0:00:
08]} 48. Kg2 {[%emt 0:00:37]} Rc4 {[%emt 0:00:04]} 49. Kh2 {[%emt 0:00:36]} f5
{[%emt 0:01:58]} 50. Ra6+ {[%emt 0:01:03]} Kh5 {[%emt 0:00:32]} 51. Kg2 {
[%emt 0:01:10]} f4 {[%emt 0:01:30]} 52. Kh2 {[%emt 0:00:41]} Rxc3 {[%emt 0:00:
27]} 53. Rxa4 {[%emt 0:01:13]} Kh4 {[%emt 0:00:27]} 54. Ra8 {[%emt 0:00:34]}
Rc2+ {[%emt 0:00:06]} 55. Kg1 {[%emt 0:00:18]} Kxh3 {[%emt 0:00:31]} 56. Ra3+ {
[%emt 0:00:14]} Kg4 {[%emt 0:00:14]} 57. Ra5 {[%emt 0:00:10]} f3 {[%emt 0:00:
18]} 58. Rb5 {[%emt 0:00:07]} Kf4 {[%emt 0:00:14]} 0-1

[Event "23rd ETCC Women 2021"]
[Site "Catez"]
[Date "2021.11.14"]
[Round "3.5"]
[White "Mammadzada, Gunay"]
[Black "Dzagnidze, Nana"]
[Result "0-1"]
[WhiteElo "2459"]
[BlackElo "2524"]
[Annotator "TA"]
[PlyCount "160"]
[EventDate "2021.11.08"]
[EventType "team-tourn"]
[EventCountry "SLO"]
[SourceTitle "playchess.com"]
[Source "ChessBase"]
[SourceQuality "1"]
[WhiteTeam "Azerbaijan"]
[BlackTeam "Georgia"]
[WhiteTeamCountry "AZE"]
[BlackTeamCountry "GEO"]

{[%evp 11,160,8,20,14,11,14,9,25,10,6,0,-4,-7,-7,-7,-7,-7,-16,-16,-24,-16,-30,
-10,-12,-17,-38,-29,-31,-28,-47,0,0,0,0,0,0,29,30,13,37,13,2,12,-88,-88,-74,
-88,-75,-68,-121,-121,-170,-174,-470,-470,-422,-19,-19,-24,-43,-30,-126,-73,
-167,-102,-162,-164,-207,-206,-215,-185,-185,-187,-185,-188,-189,-164,-162,
-158,-189,0,-202,-192,-229,-134,-134,-118,-134,-109,-117,-112,-109,-116,-134,
-134,-164,-141,-138,-139,-150,-90,-136,-120,-118,-118,-350,-292,-199,-60,-77,
-8,-8,-8,-21,-21,-21,-21,-60,-60,-60,-21,-833,-833,-826,-816,-29970,-29971,
-29974,-29975,-29975,-29976,-29976,-29977,-29978,-29976,-29978,-29978,-29978,
-29978,-29978,-29979,-29979,-29980,-29980,-29981,-29981,-29982,-29982,-29983,
-29986,-29987]} 1. e4 e6 2. d4 d5 3. Nd2 Be7 4. Ngf3 Nf6 5. e5 Nfd7 6. Bd3 c5
7. c3 {C03: French Tarrasch: Unusual Black 3rd moves.} b6 8. O-O Ba6 9. Bxa6 {
The position is equal.} Nxa6 10. a3 O-O 11. Re1 Nab8 12. Nf1 Nc6 {[#]} 13. Ng3
$146 ({Predecessor:} 13. b4 cxd4 14. cxd4 Rc8 15. Be3 a5 16. b5 Na7 17. a4 Rc4
18. N1d2 Rc7 19. Qe2 {1-0 (35) Womacka,M (2435)-Varga,K (2154) Chess.com INT
2020}) 13... a5 14. Be3 b5 15. Rc1 Re8 16. Qe2 Rb8 17. dxc5 Nxc5 18. Red1 Qc7
19. Nd4 Nxe5 20. Bf4 Bd6 21. Nxb5 Rxb5 22. Qxb5 Rb8 23. Qf1 Rxb2 (23... Nf3+ $5
24. gxf3 Bxf4 $11) 24. c4 $1 {[%cal Rc4d5]} Nf3+ {[%mdl 64] Discovered Attack}
25. gxf3 Bxf4 26. cxd5 Bxc1 27. d6 (27. Rxc1 $11 exd5 28. Qd1) 27... Qb6 $1 $17
28. Rxc1 h6 $1 ({Avoid the trap} 28... Qxd6 $2 29. Ne4 $18) 29. Rd1 Nd7 30. Ne4
(30. Kg2 $15) 30... f5 31. Qc4 Qb3 $1 $36 {[%cal Rb3c4][%mdl 2048] White is
under strong pressure.} ({Worse is} 31... fxe4 32. Qxe6+ Kf8 33. Qe7+ Kg8 34.
Qe6+ Kh8 35. Qe8+ Kh7 36. Qxe4+ g6 37. Qe7+ Kg8 38. Qe6+ Kf8 39. Qe7+ Kg8 40.
Qe6+ Kf8 41. Qe7+ Kg8 $11) 32. Qc8+ (32. Qxb3 {was forced.} Rxb3 33. Nd2) 32...
Kh7 $19 33. Nc3 {[#]} Qb7 (33... Qb6 $1 $19 34. Rf1 Qxd6) 34. Qxb7 $11 Rxb7 {
[%mdl 4096] Endgame KRN-KRN} 35. a4 Rb4 36. Re1 (36. Rb1 $1 $11 {remains equal.
}) 36... e5 (36... Rc4 $142 37. Rc1 Rc6) 37. Rd1 {[#]} (37. Nd5 $17 Rxa4 38.
Ne7) 37... Rc4 (37... Kg6 $1 $19 38. Ra1 Kf7) 38. Rd3 (38. Rc1 $17) 38... Kg6
39. Kf1 Kf7 40. Ke2 Ke6 41. Nb5 Rxa4 42. Nc7+ Kf7 43. Rd5 Ra2+ 44. Kf1 Ra1+ 45.
Ke2 Ra2+ $2 (45... g5 $19 {Threatens to win with ...h5.} 46. Rb5 h5) 46. Ke1 $2
(46. Kf1 $1 $11 {and White stays safe.}) 46... g5 47. Na6 Rc2 (47... a4 $19 48.
Nc7 a3) 48. Rxa5 $17 Ke6 49. Nb4 Rb2 50. Nd5 Rb3 51. Ke2 f4 52. Ne7 Rb6 ({
Much worse is} 52... Kxd6 $6 53. Nf5+ Kc6 54. Ra6+ Kc5 55. Nxh6 $11) 53. Nc8
Rb8 54. Na7 Rb2+ 55. Ke1 Kxd6 (55... Rb3 $142 56. Ke2 Rb2+ 57. Ke1 Rb1+ 58. Ke2
Rb2+) 56. Nb5+ Kc6 57. Nc3 Rb3 58. Ra6+ $2 (58. Kd2 $17 {was necessary.}) 58...
Kb7 $19 59. Rd6 Kc7 (59... Rxc3 $19 60. Rxd7+ Kc6) 60. Ne4 $15 {Strongly
threatening Rxd7+!} Rxf3 ({Black should try} 60... Rb6 $17 61. Rd1 Nf8) 61.
Rxh6 $11 g4 62. Rh4 Kc6 63. Rxg4 Kd5 64. Rg7 {And now Ng5 would win.} Kxe4 65.
Rxd7 $15 {KR-KR} Rh3 {Hoping for ...Kf3.} 66. Rd2 $2 {[%mdl 8192] [#] Black
continues to play with concentration.} (66. Ra7 $11) 66... Kf3 $1 $19 67. Rd3+
Kg2 68. Rd5 Rxh2 {Black mates.} 69. Rxe5 Rh1+ 70. Ke2 f3+ 71. Kd2 Kxf2 72. Rg5
Rh8 73. Rg7 Rd8+ 74. Kc2 Ke2 75. Re7+ Kf1 76. Rf7 f2 77. Rg7 Rd5 78. Kc3 Ke2
79. Re7+ Kf3 80. Rf7+ Ke3 {Weighted Error Value: White=0.32/Black=0.29} 0-1

[Event "23rd ETCC Women 2021"]
[Site "Catez"]
[Date "2021.11.14"]
[Round "3.6"]
[White "Javakhishvili, Lela"]
[Black "Mammadova, Gulnar"]
[Result "1-0"]
[WhiteElo "2446"]
[BlackElo "2395"]
[Annotator "ChessBase"]
[PlyCount "107"]
[EventDate "2021.11.08"]
[EventType "team-tourn"]
[EventCountry "SLO"]
[SourceTitle "playchess.com"]
[Source "ChessBase"]
[SourceQuality "1"]
[WhiteTeam "Georgia"]
[BlackTeam "Azerbaijan"]
[WhiteTeamCountry "GEO"]
[BlackTeamCountry "AZE"]
[TimeControl "40/5400+30:1800+30"]

1. d4 {[%emt 0:00:03]} Nf6 {[%emt 0:00:09]} 2. c4 {[%emt 0:00:08]} g6 {[%emt 0:
00:06]} 3. g3 {[%emt 0:00:15]} Bg7 {[%emt 0:00:12]} 4. Bg2 {[%emt 0:00:06]} O-O
{[%emt 0:00:10]} 5. Nf3 {[%emt 0:00:46]} d6 {[%emt 0:00:07]} 6. Nc3 {[%emt 0:
00:08]} Nbd7 {[%emt 0:00:51]} 7. O-O {[%emt 0:00:08]} e5 {[%emt 0:00:05]} 8. e4
{[%emt 0:00:07]} c6 {[%emt 0:00:15]} 9. h3 {[%emt 0:00:56]} Qb6 {[%emt 0:00:29]
} 10. Re1 {[%emt 0:03:21]} exd4 {[%emt 0:05:04]} 11. Nxd4 {[%emt 0:00:11]} Ng4
{[%emt 0:02:53]} 12. Nce2 {[%emt 0:03:07]} Nge5 {[%emt 0:03:51]} 13. b3 {
[%emt 0:03:49]} Nc5 {[%emt 0:15:46]} 14. Be3 {[%emt 0:01:41]} Qc7 {[%emt 0:01:
47]} 15. Qc2 {[%emt 0:01:30]} f6 {[%emt 0:07:13]} 16. Rad1 {[%emt 0:02:52]} a5
{[%emt 0:01:06]} 17. f4 {[%emt 0:02:12]} Nf7 {[%emt 0:00:34]} 18. Nc3 {[%emt 0:
03:18]} Re8 {[%emt 0:05:15]} 19. a3 {[%emt 0:07:40]} Bd7 {[%emt 0:03:01]} 20.
b4 {[%emt 0:04:18]} axb4 {[%emt 0:00:19]} 21. axb4 {[%emt 0:00:05]} Ne6 {
[%emt 0:05:31]} 22. Nb3 {[%emt 0:04:28]} Nf8 {[%emt 0:01:24]} 23. c5 {[%emt 0:
02:09]} Be6 {[%emt 0:04:40]} 24. Nd4 {[%emt 0:25:27]} dxc5 {[%emt 0:06:06]} 25.
bxc5 {[%emt 0:00:03]} Bc4 {[%emt 0:03:35]} 26. Na4 {[%emt 0:01:01]} Ba6 {
[%emt 0:00:19]} 27. h4 {[%emt 0:03:42]} Ne6 {[%emt 0:02:54]} 28. Nxe6 {[%emt 0:
05:59]} Rxe6 {[%emt 0:00:03]} 29. Bh3 {[%emt 0:00:23]} Re7 {[%emt 0:00:46]} 30.
Nb6 {[%emt 0:01:36]} Rae8 {[%emt 0:02:13]} 31. Bf2 {[%emt 0:02:05]} Kh8 {
[%emt 0:11:55]} 32. Bd4 {[%emt 0:08:31]} Nd8 {[%emt 0:05:24]} 33. h5 {[%emt 0:
03:31]} gxh5 {[%emt 0:01:30]} 34. Nc8 {[%emt 0:01:57]} Re6 {[%emt 0:04:14]} 35.
Nd6 {[%emt 0:01:41]} Rg8 {[%emt 0:01:40]} 36. Bxe6 {[%emt 0:01:37]} Nxe6 {
[%emt 0:00:02]} 37. Qh2 {[%emt 0:04:09]} Nxd4 {[%emt 0:02:14]} 38. Rxd4 {
[%emt 0:00:20]} Bh6 {[%emt 0:01:00]} 39. Qxh5 {[%emt 0:03:11]} Rxg3+ {[%emt 0:
01:44]} 40. Kf2 {[%emt 0:01:01]} Bxf4 {[%emt 0:02:23]} 41. e5 {[%emt 0:07:53]}
Rg6 {[%emt 0:09:06]} 42. Rxf4 {[%emt 0:02:22]} Qa5 {[%emt 0:00:55]} 43. Nc4 {
[%emt 0:06:30]} Qxc5+ {[%emt 0:02:31]} 44. Ne3 {[%emt 0:00:07]} Qc3 {[%emt 0:
07:20]} 45. Qd1 {[%emt 0:03:12]} Bd3 {[%emt 0:03:13]} 46. Rxf6 {[%emt 0:07:00]}
Qb2+ {[%emt 0:02:11]} 47. Kf3 {[%emt 0:00:04]} Rxf6+ {[%emt 0:04:29]} 48. exf6
{[%emt 0:00:02]} Qxf6+ {[%emt 0:00:04]} 49. Kg3 {[%emt 0:00:57]} Qe5+ {[%emt 0:
00:12]} 50. Kf2 {[%emt 0:00:25]} Bg6 {[%emt 0:02:22]} 51. Qd8+ {[%emt 0:01:13]}
Kg7 {[%emt 0:00:06]} 52. Qd7+ {[%emt 0:00:37]} Kg8 {[%emt 0:00:04]} 53. Qc8+ {
[%emt 0:00:21]} Be8 {[%emt 0:00:30]} 54. Ng2 {[%emt 0:01:18]} 1-0

[Event "23rd ETCC Women 2021"]
[Site "Catez"]
[Date "2021.11.14"]
[Round "3.7"]
[White "Fataliyeva, Ulviyya"]
[Black "Arabidze, Meri"]
[Result "1/2-1/2"]
[WhiteElo "2309"]
[BlackElo "2441"]
[Annotator "ChessBase"]
[PlyCount "134"]
[EventDate "2021.11.08"]
[EventType "team-tourn"]
[EventCountry "SLO"]
[SourceTitle "playchess.com"]
[Source "ChessBase"]
[SourceQuality "1"]
[WhiteTeam "Azerbaijan"]
[BlackTeam "Georgia"]
[WhiteTeamCountry "AZE"]
[BlackTeamCountry "GEO"]
[TimeControl "40/5400+30:1800+30"]

1. d4 {[%emt 0:00:06]} Nf6 {[%emt 0:00:14]} 2. c4 {[%emt 0:00:04]} e6 {[%emt 0:
00:20]} 3. Nc3 {[%emt 0:00:04]} Bb4 {[%emt 0:00:17]} 4. e3 {[%emt 0:00:38]} O-O
{[%emt 0:01:09]} 5. Bd3 {[%emt 0:00:07]} d5 {[%emt 0:01:01]} 6. Nf3 {[%emt 0:
01:24]} c5 {[%emt 0:02:37]} 7. O-O {[%emt 0:00:20]} cxd4 {[%emt 0:05:11]} 8.
exd4 {[%emt 0:00:15]} dxc4 {[%emt 0:00:14]} 9. Bxc4 {[%emt 0:00:05]} b6 {
[%emt 0:07:08]} 10. Qe2 {[%emt 0:02:58]} Bb7 {[%emt 0:01:03]} 11. Bf4 {[%emt 0:
02:15]} Nc6 {[%emt 0:02:39]} 12. Rfd1 {[%emt 0:01:44]} Ne7 {[%emt 0:03:41]} 13.
Ne5 {[%emt 0:06:38]} Ned5 {[%emt 0:11:53]} 14. Bd2 {[%emt 0:01:20]} Rc8 {
[%emt 0:02:36]} 15. Rac1 {[%emt 0:06:28]} Nxc3 {[%emt 0:11:08]} 16. Bxc3 {
[%emt 0:03:04]} Be7 {[%emt 0:03:13]} 17. Rd3 {[%emt 0:12:40]} b5 {[%emt 0:15:
54]} 18. Nxf7 {[%emt 0:10:28]} Rxf7 {[%emt 0:01:44]} 19. Bxe6 {[%emt 0:00:05]}
Bd5 {[%emt 0:02:16]} 20. Bxc8 {[%emt 0:01:22]} Qxc8 {[%emt 0:00:11]} 21. Bd2 {
[%emt 0:01:26]} Qd7 {[%emt 0:01:41]} 22. b3 {[%emt 0:09:02]} Bd6 {[%emt 0:00:
35]} 23. f3 {[%emt 0:02:46]} Rf8 {[%emt 0:01:27]} 24. Re3 {[%emt 0:11:48]} a6 {
[%emt 0:02:19]} 25. Qe1 {[%emt 0:00:23]} Bf7 {[%emt 0:03:14]} 26. Qh4 {[%emt 0:
08:52]} b4 {[%emt 0:02:04]} 27. Ree1 {[%emt 0:05:49]} Nd5 {[%emt 0:02:30]} 28.
Qg4 {[%emt 0:01:31]} Qxg4 {[%emt 0:05:13]} 29. fxg4 {[%emt 0:00:04]} Nc3 {
[%emt 0:00:56]} 30. a3 {[%emt 0:00:07]} a5 {[%emt 0:00:27]} 31. Bxc3 {[%emt 0:
01:17]} bxc3 {[%emt 0:00:02]} 32. Rxc3 {[%emt 0:00:27]} Bxa3 {[%emt 0:00:15]}
33. Rd3 {[%emt 0:04:49]} Bd5 {[%emt 0:02:30]} 34. Re5 {[%emt 0:01:19]} Rd8 {
[%emt 0:00:42]} 35. Kf2 {[%emt 0:01:02]} Bb4 {[%emt 0:02:58]} 36. g3 {[%emt 0:
02:04]} Kf7 {[%emt 0:01:57]} 37. Rde3 {[%emt 0:01:45]} g6 {[%emt 0:01:10]} 38.
h4 {[%emt 0:01:31]} Rd7 {[%emt 0:00:26]} 39. g5 {[%emt 0:01:00]} Bf8 {[%emt 0:
00:55]} 40. Rd3 {[%emt 0:00:31]} Bg7 {[%emt 0:01:00]} 41. Re1 {[%emt 0:30:29]}
Rb7 {[%emt 0:05:34]} 42. Ra1 {[%emt 0:00:00]} Rb5 {[%emt 0:02:30]} 43. Rc1 {
[%emt 0:00:00]} Rxb3 {[%emt 0:02:17]} 44. Rc7+ {[%emt 0:00:00]} Kg8 {[%emt 0:
00:09]} 45. Ke3 {[%emt 0:00:00]} a4 {[%emt 0:06:58]} 46. Rc5 {[%emt 0:00:00]}
Rxd3+ {[%emt 0:04:26]} 47. Kxd3 {[%emt 0:00:00]} Bb3 {[%emt 0:00:05]} 48. Kc3 {
[%emt 0:00:00]} Bf8 {[%emt 0:00:53]} 49. Ra5 {[%emt 0:00:00]} Bd6 {[%emt 0:03:
20]} 50. g4 {[%emt 0:00:00]} Bd1 {[%emt 0:03:14]} 51. h5 {[%emt 0:00:05]} gxh5
{[%emt 0:08:18]} 52. gxh5 {[%emt 0:00:07]} Bxh5 {[%emt 0:00:31]} 53. Rxa4 {
[%emt 0:00:13]} Bg6 {[%emt 0:00:22]} 54. d5 {[%emt 0:01:57]} Be7 {[%emt 0:01:
02]} 55. Ra7 {[%emt 0:02:08]} Kf8 {[%emt 0:00:35]} 56. Kd4 {[%emt 0:00:36]}
Bxg5 {[%emt 0:00:16]} 57. d6 {[%emt 0:01:05]} Bf6+ {[%emt 0:00:56]} 58. Kd5 {
[%emt 0:00:52]} Bf5 {[%emt 0:00:29]} 59. Kc6 {[%emt 0:00:56]} h5 {[%emt 0:00:
30]} 60. Ra5 {[%emt 0:01:08]} Bg4 {[%emt 0:00:16]} 61. Ra4 {[%emt 0:00:29]} Kf7
{[%emt 0:00:37]} 62. d7 {[%emt 0:01:01]} Kg6 {[%emt 0:00:23]} 63. Kc7 {[%emt 0:
00:36]} Kg5 {[%emt 0:00:46]} 64. d8=Q {[%emt 0:00:30]} Bxd8+ {[%emt 0:00:02]}
65. Kxd8 {[%emt 0:00:04]} h4 {[%emt 0:00:05]} 66. Ra3 {[%emt 0:00:16]} h3 {
[%emt 0:00:05]} 67. Rxh3 {[%emt 0:00:04]} Bxh3 {[%emt 0:00:03]} 1/2-1/2